[Event "Rhein Main op-A 16th"]
[Site "Bad Homburg"]
[Date "2013.06.02"]
[Round "7"]
[White "Koronowski, Heinz Juergen"]
[Black "Wichmann, Joerg"]
[Result "1-0"]
[WhiteElo "1848"]
[BlackElo "1484"]
[PlyCount "125"]
[EventDate "2013.05.29"]
[EventType "swiss"]
[EventRounds "7"]
[EventCountry "GER"]
[SourceTitle "EXT 2014"]
[Source "ChessBase"]
[SourceDate "2013.11.20"]
[SourceVersion "1"]
[SourceVersionDate "2013.11.20"]
[SourceQuality "1"]

1. e4 c5 2. Nf3 Nc6 3. d4 cxd4 4. Nxd4 g6 5. Nc3 Bg7 6. Be3 Nxd4 7. Bxd4 e5 8. Be3 Ne7 9. Qd6 0-0 10. 0-0-0 Nc6 11. Nb5 b6 12. Kb1 Bb7 13. Qxd7 Qxd7 14. Rxd7 Rad8 15. Rxd8 Rxd8 16. Bd3 Nb4 17. f3 a6 18. Nc3 Nxd3 19. Rd1 b5 20. Rxd3 Rxd3 21. cxd3 f5 22. Kc2 fxe4 23. dxe4 Kf7 24. Bc5 Ke6 25. a4 Bc6 26. axb5 axb5 27. Kb3 Bh6 28. Bb4 Be3 29. Nd1 Bd4 30. Bd2 Bc5 31. Be3 Be7 32. Nf2 h5 33. g4 Bd8 34. gxh5 gxh5 35. Nd3 Bh4 36. Kb4 Bd8 37. Bc5 Bg5 38. Ka5 Bd8+ 39. Ka6 Bg5 40. Kb6 Be8 41. Kc7 h4 42. Bf2 h3 43. Bg3 Bh5 44. f4 exf4 45. Bxf4 Be7 46. Nf2 Bf3 47. e5 Bg2 48. Kb6 b4 49. Kb5 Bf1+ 50. Kc6 Bg2+ 51. Kc7 Bf1 52. Bg3 Bg5 53. Ne4 Bc1 54. b3 Be3 55. Nd6 Bg2 56. Ne8 Bh6 57. Kb6 Be3+ 58. Kc7 Bh6 59. Kc8 Ke7 60. Nc7 Bf3 61. Bh4+ Kf7 62. e6+ Kg7 63. Bg3 1-0

[Event "Rhein Main op-A 15th"]
[Site "Bad Homburg"]
[Date "2012.06.09"]
[Round "5"]
[White "Wichmann, Joerg"]
[Black "Schlemminger, Degenhard"]
[Result "0-1"]
[WhiteElo "1479"]
[BlackElo "1742"]
[PlyCount "112"]
[EventDate "2012.06.06"]
[EventType "swiss"]
[EventRounds "7"]
[EventCountry "GER"]
[SourceTitle "EXT 2013"]
[Source "ChessBase"]
[SourceDate "2012.11.22"]
[SourceVersion "1"]
[SourceVersionDate "2012.11.22"]
[SourceQuality "1"]

1. e4 e5 2. Nf3 Nc6 3. Bc4 Bc5 4. c3 Nf6 5. d4 exd4 6. cxd4 Bb4+ 7. Bd2 Bxd2+ 8. Nbxd2 0-0 9. 0-0 d6 10. Re1 h6 11. e5 dxe5 12. dxe5 Nh7 13. e6 Bxe6 14. Bxe6 fxe6 15. Rxe6 Qd7 16. Qb3 Kh8 17. Rae1 Rfe8 18. Qe3 Nf6 19. a3 Rxe6 20. Qxe6 Rd8 21. Qxd7 Rxd7 22. h3 Kg8 23. Kf1 Kf7 24. Nc4 Kf8 25. Nfe5 Nxe5 26. Nxe5 Rd2 27. Ng6+ Kf7 28. Ne5+ Kg8 29. Re2 Rd5 30. Ng6 Rd1+ 31. Re1 Rxe1+ 32. Kxe1 Kf7 33. Nf4 g5 34. Nd3 b6 35. Ke2 Ke6 36. Ke3 c5 37. g4 c4 38. Nb4 a5 39. Nc2 Ke5 40. Kf3 Nd5 41. Ne3 c3 42. bxc3 b5 43. Nxd5 Kxd5 44. Ke3 Kc4 45. Kd2 Kb3 46. f3 Kc4 47. Kc2 Kd5 48. Kd3 Ke5 49. Ke3 a4 50. Kd3 Kd5 51. Kc2 Kc4 52. Kd2 Kb3 53. Kd3 Kxa3 54. Kc2 Ka2 55. Kd3 Kb2 56. c4 bxc4+ 0-1

[Event "Rhein Main op-A 15th"]
[Site "Bad Homburg"]
[Date "2012.06.06"]
[Round "1"]
[White "Wichmann, Joerg"]
[Black "Braunberger, Gerald"]
[Result "0-1"]
[WhiteElo "1479"]
[BlackElo "1999"]
[PlyCount "68"]
[EventDate "2012.06.06"]
[EventType "swiss"]
[EventRounds "7"]
[EventCountry "GER"]
[SourceTitle "EXT 2013"]
[Source "ChessBase"]
[SourceDate "2012.11.22"]
[SourceVersion "1"]
[SourceVersionDate "2012.11.22"]
[SourceQuality "1"]

1. e4 c5 2. c3 b6 3. d4 e6 4. Nf3 Bb7 5. Bd3 d6 6. Bf4 Be7 7. Nbd2 Nf6 8. Qc2 Nc6 9. e5 Nd5 10. Bg3 cxd4 11. cxd4 Ndb4 12. Qb1 Nxd3+ 13. Qxd3 d5 14. a3 0-0 15. 0-0 Qd7 16. b4 Rac8 17. Rfc1 Nb8 18. Qb3 Qb5 19. Rab1 Rxc1+ 20. Rxc1 Rc8 21. Rxc8+ Bxc8 22. Qc2 Qc6 23. Qxc6 Nxc6 24. Nb3 Ba6 25. h3 Bd3 26. Bf4 a5 27. b5 Bxb5 28. Bc1 Bc4 29. Nbd2 b5 30. Nxc4 dxc4 31. Bb2 b4 32. axb4 axb4 33. Kf1 c3 34. Bc1 b3 0-1

[Event "Oberfranken-ch"]
[Site "Lichtenfels"]
[Date "2012.01.05"]
[Round "6.20"]
[White "Wichmann, Joerg"]
[Black "Goetz, Dieter"]
[Result "0-1"]
[WhiteElo "1477"]
[BlackElo "1931"]
[PlyCount "70"]
[EventDate "2012.01.03"]
[EventType "swiss"]
[EventRounds "7"]
[EventCountry "GER"]
[SourceTitle "EXT 2019"]
[Source "ChessBase"]
[SourceDate "2018.10.10"]
[SourceVersion "1"]
[SourceVersionDate "2018.10.10"]
[SourceQuality "1"]

1. e4 e5 2. Nf3 d6 3. Bc4 Be7 4. d4 exd4 5. Nxd4 Nf6 6. Nc3 c6 7. Be3 b5 8. Bd3 0-0 9. Qd2 h6 10. Bxh6 gxh6 11. Qxh6 Ng4 12. Qd2 Ne5 13. Be2 b4 14. Nd1 c5 15. Nf3 Nbc6 16. Ne3 Be6 17. Nd5 f6 18. Nh4 Nd4 19. Bh5 f5 20. Ng6 Nxg6 21. Bxg6 Kg7 22. Nf4 Bg5 23. Qxd4+ cxd4 24. Nxe6+ Kxg6 25. Nxd8 Bxd8 26. exf5+ Kxf5 27. f3 Re8+ 28. Kf2 Bb6 29. Kg3 Re2 30. Rhe1 Rae8 31. Rxe2 Rxe2 32. Rc1 Bc5 33. b3 Re3 34. h4 Rc3 35. Re1 Rxc2 0-1

[Event "Rhein Main op-A 14th"]
[Site "Bad Homburg"]
[Date "2011.06.22"]
[Round "1"]
[White "Wichmann, Joerg"]
[Black "Bader, Gerd"]
[Result "0-1"]
[WhiteElo "1492"]
[BlackElo "2018"]
[PlyCount "92"]
[EventDate "2011.06.22"]
[EventType "swiss"]
[EventRounds "7"]
[EventCountry "GER"]
[SourceTitle "EXT 2012"]
[Source "ChessBase"]
[SourceDate "2011.11.24"]
[SourceVersion "1"]
[SourceVersionDate "2011.11.24"]
[SourceQuality "1"]

1. e4 d6 2. d4 Nf6 3. Nc3 Nbd7 4. Nf3 e5 5. Bg5 Be7 6. Be2 0-0 7. 0-0 c6 8. dxe5 dxe5 9. Qd2 Qc7 10. Rad1 b5 11. a3 a5 12. Ra1 Bb7 13. Bd3 b4 14. Ne2 c5 15. c3 c4 16. Bc2 b3 17. Bb1 Nc5 18. Ng3 Rad8 19. Qe2 Ne6 20. Bxf6 Bxf6 21. Nd2 Rc8 22. Nh5 Bg5 23. Nf3 Be7 24. Nd2 g6 25. Ng3 Rfd8 26. Rd1 Bg5 27. Nf3 Rxd1+ 28. Qxd1 Rd8 29. Qe2 Bh6 30. Nh4 Nf4 31. Qg4 Bg7 32. h3 Bc8 33. Nhf5 Kh8 34. h4 gxf5 35. exf5 f6 36. Be4 Qf7 37. Rd1 Rxd1+ 38. Qxd1 Qd7 39. Qf3 Qd6 40. Nh5 Bh6 41. Nxf4 Bxf4 42. Qh5 Bd7 43. g3 Bc1 44. Kg2 Bc6 45. f3 Bxe4 46. fxe4 Bxb2 0-1

[Event "Oberfranken-ch"]
[Site "Schney"]
[Date "2011.01.06"]
[Round "7"]
[White "Eckl, Reinhard"]
[Black "Wichmann, Joerg"]
[Result "1-0"]
[WhiteElo "1710"]
[BlackElo "1357"]
[PlyCount "47"]
[EventDate "2011.01.03"]
[EventType "swiss"]
[EventRounds "7"]
[EventCountry "GER"]
[SourceTitle "EXT 2015"]
[Source "ChessBase"]
[SourceDate "2014.11.20"]
[SourceVersion "1"]
[SourceVersionDate "2014.11.20"]
[SourceQuality "1"]

1. Nf3 d5 2. d4 Nf6 3. c4 c6 4. cxd5 cxd5 5. Nc3 e6 6. Bg5 Be7 7. e3 Nc6 8. a3 Qc7 9. Bd3 e5 10. dxe5 Nxe5 11. Nxe5 Qxe5 12. Bf4 Qe6 13. Nb5 Bd8 14. Nd6+ Kf8 15. Bf5 Qe7 16. Nxc8 Ba5+ 17. b4 Bxb4+ 18. axb4 Qxb4+ 19. Qd2 Qxd2+ 20. Kxd2 Ne4+ 21. Bxe4 dxe4 22. Rhc1 g5 23. Be5 Rg8 24. Rxa7 1-0

[Event "Oberfranken-ch"]
[Site "Schney"]
[Date "2011.01.04"]
[Round "4"]
[White "Leicht, Gerhard"]
[Black "Wichmann, Joerg"]
[Result "1-0"]
[WhiteElo "1788"]
[BlackElo "1357"]
[PlyCount "49"]
[EventDate "2011.01.03"]
[EventType "swiss"]
[EventRounds "7"]
[EventCountry "GER"]
[SourceTitle "EXT 2015"]
[Source "ChessBase"]
[SourceDate "2014.11.20"]
[SourceVersion "1"]
[SourceVersionDate "2014.11.20"]
[SourceQuality "1"]

1. e4 e6 2. d4 d5 3. e5 c5 4. c3 Nc6 5. Nf3 Qb6 6. a3 f6 7. exf6 Nxf6 8. Be2 cxd4 9. cxd4 Bd6 10. Nc3 a6 11. 0-0 0-0 12. Re1 Bd7 13. Rb1 Rae8 14. b4 Ne4 15. Na4 Qd8 16. Bd3 b5 17. Nc5 Nc3 18. Qc2 Nxb1 19. Bxh7+ Kh8 20. Bg6 Nxa3 21. Qd3 Nxb4 22. Qxa3 Nc2 23. Bxc2 a5 24. Ne5 Qf6 25. Qh3+ 1-0